000
00302nam a22001337a 4500
008
181006b xxu||||| |||| 00| 0 eng d
020
_a
9780030259623
041
_a
eng
080
_2
9th
_a
330.722.6
100
_a
62
101
_a
KONT.F
245
_a
Financial Accounting
_c
Stickeny
942
_2
udc
_c
BK
999
_c
48966
_d
48966